Foreign Exchange, International finance (Record no. 143447)

MARC details
000 -LEADER
fixed length control field 00419pam a2200157 a 4500
020 ## - INTERNATIONAL STANDARD BOOK NUMBER
International Standard Book Number 978-93-5110-591-6
Terms of availability
041 ## - LANGUAGE CODE
Language code of text/sound track or separate title eng
082 ## - DEWEY DECIMAL CLASSIFICATION NUMBER
Classification number 348.73
Item number RAJ / DES
100 ## - MAIN ENTRY--PERSONAL NAME
Personal name Rajwade, A V.
245 ## - TITLE STATEMENT
Title Foreign Exchange, International finance
Medium Textual Documents
250 ## - EDITION STATEMENT
Edition statement 2nd 2014.
260 ## - PUBLICATION, DISTRIBUTION, ETC.
Place of publication, distribution, etc. New Delhi
Name of publisher, distributor, etc. Shroff Publishers & Distributors Pvt. Ltd.
300 ## - PHYSICAL DESCRIPTION
Extent 406.
700 ## - ADDED ENTRY--PERSONAL NAME
Personal name Desai, H G.
930 ## - EQUIVALENCE OR CROSS-REFERENCE-UNIFORM TITLE HEADING [LOCAL, CANADA]
Uniform title 24723
Holdings
Withdrawn status Lost status Damaged status Not for loan Collection Home library Current library Date acquired Source of acquisition Total Checkouts Full call number Barcode Date last seen Copy number Price effective from Koha item type
          Institute of Management & Entrepreneurship Development, Pune Institute of Management & Entrepreneurship Development, Pune 24/05/2016 Bharati Madhyavarti Sahakari Grahak Bhandar Ltd.   348.73 RAJ / DES IMP-IM-55306 01/03/2023 3 01/03/2023 Book
          Institute of Management & Entrepreneurship Development, Pune Institute of Management & Entrepreneurship Development, Pune 24/05/2016 Bharati Madhyavarti Sahakari Grahak Bhandar Ltd.   348.73 RAJ / DES IMP-IM-55305 01/03/2023 2 01/03/2023 Book
          Institute of Management & Entrepreneurship Development, Pune Institute of Management & Entrepreneurship Development, Pune 24/05/2016 Bharati Madhyavarti Sahakari Grahak Bhandar Ltd.   348.73 RAJ / DES IMP-IM-55304 01/03/2023 1 01/03/2023 Book